| 000 | 00768nam a2200181Ia 4500 | ||
|---|---|---|---|
| 008 | 090123s9999 xx 000 0 und d | ||
| 082 |
_b3566 _a891.463/सुर्वे |
||
| 100 | _aसुर्वे प.गं. | ||
| 245 | _aस्त्रिय:श्र्चरितम व भिंतीला कान असतात | ||
| 250 | _a1 | ||
| 260 | _bविशाखा प्रकाशन | ||
| 300 | _a176 | ||
| 600 | _aसुर्वे प.गं. | ||
| 630 | _aस्त्रिय:श्र्चरितम व भिंतीला कान असतात | ||
| 700 | _aसुर्वे प.गं. | ||
| 730 | _aस्त्रिय:श्र्चरितम व भिंतीला कान असतात | ||
| 942 | _cBOOK | ||
| 999 |
_c41646 _d41646 |
||